1625 1128 1010 1940 1070 1140 1087 1477 1071 1104 1344 1029 1986 1447 1143 1527 1653 1037 1173 1752 1398 1038 1193 1881 1845 1180 1052 1974 1873 1007 1453 1785 1189 1770 1800 1606 1414 1684 1161 1874 1549 1193 1263 1639 1588 1152 1181 1147 1759 1734 1439 1756 1985 1461 1003 1152 1388 1154 1513 1788 1441 1143 1877 1994 1207 1193 1067 1500 1388 1198 1295 1945 1696 1335 1894 1311 1063 1957 1745 1576 1678 1599 1718 1797 1058 1497 1345 1037 1541 1250 1497 1769 1015 1502 1676 1712 1847 1098 1409 BCNSPRNW ULIB Ver.6.0+V

เปลี่ยนเป็นภาษาไทย

Change to English
 แสดงรายละเอียดบรรณานุกรม
  กลับหน้าหลัก

Brief Record : Get Marc (ISO 2709) : E-mail record : QR code < ปิดหน้าต่าง
LEADER : 00000nam 2200000uu 4500
001    13399110641
003     ULIB
008    110606s2547||||th 000 0 tha d
020    9749190033
020    9789749190036
060 04 WR140^bป491ต 2547
245 00 ตจวิทยาทันยุค 2547 =^bDermatology update 2004 /^cโดยคณาจารย์ภาควิชาตจวิทยา คณะแพทยศาสตร์ศิริราชพยาบาล ; บรรณาธิการ, ป่วน สุทธิพินิจธรรม, วรพงษ์ มนัสเกียรติ
246 31 Dermatology update 2004
250    พิมพ์ครั้งที่ 1
260    กรุงเทพฯ :^bภาควิชาตจวิทยา คณะแพทยศาสตร์ศิริราชพยาบาลมหาวิทยาลัยมหิดล],^c2547
300    422 หน้า :^bภาพประกอบ (สีบางภาพ) ;^c27 ซม.
650  7 ผิวหนัง, โรค
653    ผลงานอาจารย์คณะแพทยศาสตร์ศิริราชพยาบาล
700 0  ป่วน สุทธิพินิจธรรม,^eบรรณาธิการ
700 0  วรพงษ์ มนัสเกียรติ,^eบรรณาธิการ
710 2  มหาวิทยาลัยมหิดล. ^bคณะแพทยศาสตร์ศิริราชพยาบาล.^bภาควิชาตจวิทยา
710 2  มหาวิทยาลัยมหิดล. ^bคณะแพทยศาสตร์ศิริราชพยาบาล.^bคณาจารย์ภาควิชาตจวิทยา
945    ^p750^l0^i025572
945    ^p750^l0^i025571
945    ^p750^l0^i025573
995    ทศพร
999 ^a ใช้งานได้ทุกระบบ
รายการนี้ยังไม่มีแท็ก
คุณยังไม่ได้ล็อกอิน คุณสามารถมีกิจกรรมร่วมกับเว็บไซต์ได้ แต่ต้องล็อกอินก่อน ::
  ล็อกอิน

รายการสื่อสารสนเทศ

ลำดับที่ ประเภท เลขเรียก/บาร์โค้ด สถานที่ สถานะ
- ไม่พบข้อมูล -

รายการใกล้เคียง
    หัวเรื่อง [ผิวหนัง, โรค]

BibComment


ยังไม่เคยถูกคอมเมนท์

คอมเมนท์ทรัพยากรรายการนี้
  คอมเมนท์: ตจวิทยาทันยุค 254..


 Copyright 2026. Bcnsprnw @Library